Diet composition and significance of earthworms as food of havestmen (<Arachnida: Opiliones>) (Registro nro. 11649)

Detalles MARC
000 -CABECERA
Campo de control 005500000a22001690004500
090 ## - CLASIFICACIÓN LOCAL
Colección AR
Consecutivo 02585
041 0# - IDIOMA
Código de idioma para texto/pista de sonido o título separado
100 1# - ASIENTO PRINCIPAL--NOMBRE PERSONAL
Nombre personal Hoffman, Forrest M.
245 10 - MENCION DE TITULO
Título Diet composition and significance of earthworms as food of havestmen (<Arachnida: Opiliones>)
650 14 - ASIENTO SECUNDARIO DE MATERIA - TERMINO TEMATICO
Término temático o nombre geográfico como elemento de entrada Hábitos alimentarios
650 14 - ASIENTO SECUNDARIO DE MATERIA - TERMINO TEMATICO
Término temático o nombre geográfico como elemento de entrada Arácnidos
650 14 - ASIENTO SECUNDARIO DE MATERIA - TERMINO TEMATICO
Término temático o nombre geográfico como elemento de entrada Entomología
650 14 - ASIENTO SECUNDARIO DE MATERIA - TERMINO TEMATICO
Término temático o nombre geográfico como elemento de entrada Depredación
653 ## - TERMINO DE INDIZACION - NO CONTROLADO
-- Phalangium
-- Phalangium opilium
773 1# - Item fuente:
Título American Midland Naturalist
Especificación de materiales 176
Descripción física 2
Paginas del Articulo 487-491
Lugar, editorial y fecha de publicación 2000
Información sobre la relación 143
942 ## - ELEMENTOS ADICIONALES (KOHA)
Tipo de ítem Artículo
Existencias
Withdrawn status Lost status Damaged status No para préstamo Colección Ubicación Permanente Ubicación actual Fecha de adquisición Fuente de Valor Datos de publicación Seriada Total Checkouts Número topográfico Inventario / Código de Barras Date last seen Ejemplar Price effective from Forma de adquisición Tipo de material
      No para Préstamo Hemeroteca Bogotá Bogotá 27/02/2015 Sánchez, Enrique Fuera de circulación   AR 02585 012999 25/03/2015 1 25/03/2015   Artículo